Statistics for NHL Point Leaders by Region / Country

Click here to take the quiz!

General Stats

  • This quiz has been taken 27 times
  • The average score is 12 of 26

Answer Stats

Province / StatePointsPlayer% Correct
Ontario2857Wayne Gretzky
96%
Russia1233*Alexander Ovechkin
88%
Finland1457Teemu Selänne
88%
Saskatchewan1850Gordie Howe
83%
The Czech Republic1921Jaromír Jágr
83%
The Midwest1374Mike Modano
83%
Slovenia903*Anže Kopitar
79%
Sweden1349Mats Sundin
79%
Alberta1887Mark Messier
75%
Quebec1771Marcel Dionne
58%
Slovakia1239Peter Šťastný
46%
British Columbia1755Steve Yzerman
46%
Austria789Thomas Vanek
42%
The Southwest1028Brian Leetch
38%
Germany487Marco Sturm
33%
The Maritimes1274Al MacInnis
29%
Manitoba1210Bobby Clarke
29%
The Mid-Atlantic1063Joe Mullen
21%
United Kingdom800Ken Hodge
21%
The Heartland1232Phil Housley
21%
New England1216Jeremy Roenick
17%
Switzerland434Mark Streit
17%
Newfoundland and Labrador484Michael Ryder
17%
Latvia564Sandis Ozoliņš
13%
The Territories700Geoff Sanderson
8%
The Pacific756Scott Gomez
0%

Score Distribution

Percentile by Number Answered

Percent of People with Each Score

Your Score History

You have not taken this quiz